| 000 | 00490nam a2200157Ia 4500 | ||
|---|---|---|---|
| 008 | 191206s9999 xx 000 0 und d | ||
| 020 | _a0393955524 (pbk.) | ||
| 090 | _aPR6005.O4 H4 1988 | ||
| 245 | 0 | _a"Heart of darkness: an authoritative text, backgrounds and sources, criticism" | |
| 250 | _a3rd ed. | ||
| 260 | _aNorton | ||
| 260 | _bA Norton critical edition | ||
| 260 | _ccc1988 | ||
| 300 | _a"xvii, 420 p. : ill. ; 22 cm." | ||
| 999 |
_c16137 _d16137 |
||